000 00708nam a22002057a 4500
005 20251108175954.0
008 250721s2025 xx 000 0 ara d
082 1 4 _aم/909.202/بيش
100 1 _aالبيشاوي، سعيد عبدالله
245 1 0 _aأعلام من فلسطين :
_bمعجم اعلام المؤرخين الفلسطينيين في القرنين العشرين /
250 _aط.3 (مزيدة و منقحة)
264 1 _aدمشق :
_bنور حوران للدراسات و النشر،
_c2025.
300 _a648ص.
650 1 7 _aالتراجم
650 1 7 _aالمؤرخون
650 1 7 _aالتاريخ
650 1 7 _aفلسطين
942 _2ddc
_cREF
999 _c146773
_d146773